00650nam a22001457a 4500008004000000020001500040050002400055245019500079260004600274300001900320440004900339504002600388650005000414700004000464130522t ag||||| |||| 00| 0 spa d a950124186604aBF575.N35bT73 199510aTrastornos narcisistas no psicòticos:bEstudios psicoanalìticos sobre problemàticas de cuerpo, el espacio y el aprendizaje en niños y adolescentes ccomp. Ricardo Rodulfo... [et. al] aBuenos Aires, Argentina :bPaidòsc1995 a258 p.c22 cm. 0aBiblioteca de Psicologìa ProfundanNo. 186 aIncluye bibliografias 4aNarcisismo-niños-adolescentesxPsicologìa1 aRodulfo, Ricardo, comp.... [et. al]